V Turecku nastupujú ťažšie UGV

Bibliographic Details
Main Author: Gyűrösi, Miroslav (Author, Photographer)
Format: Article
Language:Czech
Slovak
PhysicalDescription:Fotografie
ISSN:1802-4823
Subjects:

MARC

LEADER 00000nab a2200000 4500
001 vtls012247909
003 SK-MaSNL
005 20260303232048.0
008 240116 2023 xo 000 0 cze
015 |a SNBRB2023/11  |2 LMAOSK 
040 |a LMAOSK  |b slo  |c LMAOSK  |e rda 
041 0 |a slo 
044 |a xo  |c SK 
072 7 |a 623  |x Vojenská technika  |2 konspekt 
080 |a 623.438  |2 2011 
080 |a (046)  |2 2011 
080 |a 623.441/.443  |2 2011 
080 |a 623.438.2  |2 2011 
100 1 |a Gyűrösi, Miroslav  |4 aut  |4 pht  |9 508458 
245 1 0 |a V Turecku nastupujú ťažšie UGV  |c Miroslav Gyűrösi ; foto: autor 
300 |b Fotografie 
336 |a text  |b txt  |2 rdacontent 
337 |a bez média  |b n  |2 rdamedia 
338 |a zväzok  |b nc  |2 rdacarrier 
650 0 7 |a vojenské vozidlá  |2 SNKPH  |9 71081 
650 0 7 |a obrnené vozidlá  |2 SNKPH  |9 73553 
650 0 7 |a vojenská technika  |2 SNKPH  |9 29297 
650 0 7 |a bezposádkové vozidlá  |2 LMAOSK  |9 1267773 
650 0 7 |a bojové vozidlá  |2 SNKPH  |9 18532 
655 7 |a články  |2 SNKPH  |9 70601 
700 |a Gyűrösi, Miroslav  |2 pht  |4 aut  |9 508458 
773 0 |t ATM  |g Roč. 55, č. 11 (2023), s. 22-26  |x 1802-4823 
852 |a LMAOSK  |b KIS3GCP 
958 |a NB 
999 |c 2269887  |d 2271817